|
|
|
|
| LEADER |
02109nam a22004095i 4500 |
| 001 |
978-3-531-19443-1 |
| 003 |
DE-He213 |
| 005 |
20151204162448.0 |
| 007 |
cr nn 008mamaa |
| 008 |
121116s2013 gw | s |||| 0|eng d |
| 020 |
|
|
|a 9783531194431
|9 978-3-531-19443-1
|
| 024 |
7 |
|
|a 10.1007/978-3-531-19443-1
|2 doi
|
| 040 |
|
|
|d GrThAP
|
| 050 |
|
4 |
|a JA71-80
|
| 072 |
|
7 |
|a JPB
|2 bicssc
|
| 072 |
|
7 |
|a POL000000
|2 bisacsh
|
| 082 |
0 |
4 |
|a 320
|2 23
|
| 100 |
1 |
|
|a Casertano, Stefano.
|e author.
|
| 245 |
1 |
0 |
|a Our Land, Our Oil!
|h [electronic resource] :
|b Natural Resources, Local Nationalism, and Violent Secession /
|c by Stefano Casertano.
|
| 264 |
|
1 |
|a Wiesbaden :
|b Springer Fachmedien Wiesbaden :
|b Imprint: Springer VS,
|c 2013.
|
| 300 |
|
|
|a XXI, 290 p. 20 illus.
|b online resource.
|
| 336 |
|
|
|a text
|b txt
|2 rdacontent
|
| 337 |
|
|
|a computer
|b c
|2 rdamedia
|
| 338 |
|
|
|a online resource
|b cr
|2 rdacarrier
|
| 347 |
|
|
|a text file
|b PDF
|2 rda
|
| 505 |
0 |
|
|a The case for "Local Oil Nationalism" -- From peace to conflict (and back) -- Bolivia and Sudan: A perfect split -- Indonesia and Malaysia: Islands, ethnicities, oil -- China and Iran: The risk for peripheral producing enclaves -- Angola and Nigeria: Tribal fragmentation in Sub-Saharan Africa.
|
| 520 |
|
|
|a Stefano Casertano explores the connections between the presence of energy natural resources and the development of "local nationalism" in the producing regions. In particular, he applies a specific focus on those cases where such nationalism leads to secession attempts. The research is based on eight case studies in Bolivia, Sudan, Malaysia, Indonesia, China, Iran, Angola, and Nigeria.
|
| 650 |
|
0 |
|a Political science.
|
| 650 |
|
0 |
|a Comparative politics.
|
| 650 |
1 |
4 |
|a Political Science and International Relations.
|
| 650 |
2 |
4 |
|a Comparative Politics.
|
| 710 |
2 |
|
|a SpringerLink (Online service)
|
| 773 |
0 |
|
|t Springer eBooks
|
| 776 |
0 |
8 |
|i Printed edition:
|z 9783531194424
|
| 856 |
4 |
0 |
|u http://dx.doi.org/10.1007/978-3-531-19443-1
|z Full Text via HEAL-Link
|
| 912 |
|
|
|a ZDB-2-SHU
|
| 950 |
|
|
|a Humanities, Social Sciences and Law (Springer-11648)
|